000 00249nam a22001097a 4500
008 240610b |||||||| |||| 00| 0 eng d
100 _aVasudev, Nirmal
_915210
245 _aThik Ba Te
260 _bSindhu Pub.
_c1968
300 _a180p.
942 _cBK
999 _c39464
_d39464